Devinez la Capitale Mystère #54 - Statistiques

Statistiques générales
  • Ce quiz a été pris 184 fois
  • Le résultat moyen est 31 sur 37
Statistiques - réponses
Type de Réponse Réponse % Correct
Lettre Trouvée A
99%
Lettre Trouvée I
99%
Lettre de l'Alphabet O
99%
Lettre de l'Alphabet R
99%
Lettre Trouvée S
99%
Lettre de l'Alphabet L
98%
Lettre Trouvée E
97%
Lettre de l'Alphabet N
97%
Lettre de l'Alphabet P
97%
Lettre Trouvée B
96%
Lettre de l'Alphabet U
95%
Lettre de l'Alphabet T
94%
Lettre Trouvée D
92%
Lettre de l'Alphabet M
92%
Lettre Bien Placée I
88%
Lettre de l'Alphabet C
87%
Lettre Bien Placée S
86%
Lettre de l'Alphabet G
84%
Lettre de l'Alphabet H
83%
Lettre de l'Alphabet K
82%
Lettre Bien Placée E
80%
Lettre de l'Alphabet W
79%
Lettre de l'Alphabet V
77%
Lettre Bien Placée A
76%
Lettre de l'Alphabet X
75%
Lettre Bien Placée D
74%
Lettre de l'Alphabet Y
73%
Lettre Bien Placée A
72%
Lettre de l'Alphabet J
72%
Lettre de l'Alphabet Z
70%
Lettre de l'Alphabet Q
66%
Lettre Bien Placée A
65%
Lettre Bien Placée B
65%
Lettre de l'Alphabet F
65%
Capitale Mystère Addis-Abeba
62%
Lettre Bien Placée B
62%
Lettre Bien Placée D
62%
Aucun quiz correspondant
Distribution des résultats
% des personnes avec chaque résultat
Percentile par nombre de réponses
Votre historique - résultats
Vous n’avez pas pris ce quiz